000 01077nam a22002657a 4500
001 38001
003 UA-OsUOA
005 20201202203658.0
007 ta
008 20070619b un ||||| |||| 00| 0 ukr d
040 _aUA-OsUOA
_bukr
_cUA-OsUOA
_dUA-OsUOA
041 _aukr
080 _a94(477).04
090 _a94(477).04
_bЛ61
100 _aЛипинський В.
245 _aУкраїна на переломі 1657-1659
_bзамітки до історії українського державного будівництва в ХVІІ ст.
_cза ред. Л. Біласа, Я. Пеленського
260 _aФіладельфія
_bСхідно-Європейський дослідний Інститут ім.В.К.Липинського
_c1991
300 _a346 с.
505 _gт. 3
650 7 _a9 Географія. Біографії. Історія
_2UDC
942 _cBK
_2udc
955 _a1
999 _c436477
_d436477